00390nam a22000977a 450000500170000010000780001724501130009526000270020830000090023570000480024420260629132158.0 aArhama Ansari a21-MCSE-07aSupervisor - Prof.Dr. Intesab Hussain Sadhayo aMalaria Parasite Classification From Microscopic Blood Film Image Using Deep Learning Algorithms (Thesis MS) aNawabshahbQUESTc2025 a92p. aDepartment of Computer Systems Engineering